Представление документа в формате MARC21

ПолеНазваниеЗначение
  Тип записи a
  Библиографический уровень m
001 Контрольный номер RU\infra-m\znanium\bibl\2235397
005 Дата корректировки 20260429142155.4
008 Кодируемые данные 260120s2025 RU g rus u
020 Индекс ISBN __
a ISBN 978-5-9614-3952-6
040 Источник каталогиз. __
a Служба первич. каталог. Общество с ограниченной ответственностью «ЗНАНИУМ»
041 Код языка издания __
a Код языка текста rus
044 Код страны публикации __
a Код страны публикации RU
080 Индекс УДК __
a Индекс УДК 650
084 Индекс другой классификации/Индекс ББК __
2 Источник индекса rubbk
a Индекс другой классификации/Индекс ББК 3281
084 Индекс другой классификации/Индекс ББК __
2 Источник индекса okso
a Индекс другой классификации/Индекс ББК 38.03.05
100 Автор __
a Автор Дейвенпорт Т.
q Полное имя Дейвенпорт Томас
245 Заглавие __
a Заглавие Внедрение искусственного интеллекта в бизнес-практику: Преимущества и сложности
b Продолж. заглавия Практическое пособие
250 Сведения об издании __
a Основные сведения об издании 1
260 Выходные данные __
a Место издания Москва
b Издательство ООО "Альпина Паблишер"
c Дата издания 2026
300 Физическое описание __
a Объем 320 с.
520 Аннотация __
a Аннотация Ажиотаж вокруг искусственного интеллекта и его применения в классическом бизнесе не утихает но многие компании до сих пор не понимают какую реальную выгоду принесет им внедрение новых технологий в их бизнес-процессы. Эксперт в области аналитики и больших данных преподаватель в Гарвардской школе бизнеса Томас Дэвенпорт в своей книге покажет как можно эффективно интегрировать ИИ и когнитивные технологии в текущую бизнес-стратегию предприятия чтобы сделать продукты привлекательнее процессы совершеннее а компанию успешнее. Он подробно рассматривает преимущества и сложности внедрения различных видов технологий: статистическое машинное обучение нейронные сети глубокое обучение обработка естественного языка экспертные системы на основе правил роботы и роботизированная автоматизация процессов. И приводит примеры использования ИИ в разных компаниях: Amazon Google Facebook GlaxoSmithKline Uber GE цифровом банке DBS и др. Книга Томаса Дэвенпорта — дорожная карта для владельцев и руководителей компаний по внедрению решений на основе искусственного интеллекта и когнитивных технологий.
521 Примеч. о цел. назн. __
a Примеч. о целев. назн. Дополнительное профессиональное образование
650 Тематические рубрики __
a Основная рубрика Бизнес. Предпринимательство. Сервис
x Основная подрубрика Электронная коммерция
655 Указ. предметных рубрик (устаревшее) __
a Жанр/ форма (устаревшее) Практическое пособие
856 Электронный адрес документа 4_
a Имя сервера/домена znanium.ru
m Помощь ebs_support@infra-m.ru
n Местонахождение сервера НИЦ ИНФРА-М
u URL https://znanium.ru/catalog/document?id=473666
856 Электронный адрес документа 48
a Имя сервера/домена znanium.ru
d Путь /cover/2235
f Электронное имя 2235397.jpg
q Тип электронного формата image/jpeg
u URL https://znanium.ru/cover/2235/2235397.jpg
911 __
u 0030=https://znanium.ru/catalog/document?id=473666